Wybierz miasta wojewódzkie według kategorii - Statystyki

Ogólne statystyki
  • Ten quiz został rozwiązany 3 394 razy
  • Średni wynik to 113 z 160
Statystyki odpowiedzi
Zagadnienie Komórka Select % Poprawnych
mające więcej niż 500 tys. mieszkańców. Warszawa Tak
96%
mające więcej niż 500 tys. mieszkańców. Zielona Góra Nie
94%
mające więcej niż 500 tys. mieszkańców. Kraków Tak
93%
mające więcej niż 500 tys. mieszkańców. Opole Nie
93%
mające więcej niż 500 tys. mieszkańców. Kielce Nie
92%
mające więcej niż 500 tys. mieszkańców. Rzeszów Nie
91%
mające więcej niż 500 tys. mieszkańców. Toruń Nie
91%
mające więcej niż 500 tys. mieszkańców. Bydgoszcz Nie
89%
mające więcej niż 500 tys. mieszkańców. Lublin Nie
89%
mające więcej niż 500 tys. mieszkańców. Białystok Nie
88%
dzielące swoją funkcję stołeczną z innym miastem w województwie. Białystok Nie
88%
przez które przepływa Wisła. Białystok Nie
88%
przez które przepływa Wisła. Gorzów Wielkopolski Nie
88%
dzielące swoją funkcję stołeczną z innym miastem w województwie. Kielce Nie
88%
dzielące swoją funkcję stołeczną z innym miastem w województwie. Łódź Nie
88%
dzielące swoją funkcję stołeczną z innym miastem w województwie. Lublin Nie
88%
dzielące swoją funkcję stołeczną z innym miastem w województwie. Rzeszów Nie
88%
przez które przepływa Wisła. Zielona Góra Nie
88%
posiadające port morski. Białystok Nie
87%
posiadające port morski. Bydgoszcz Nie
87%
posiadające port morski. Gdańsk Tak
87%
posiadające port morski. Gorzów Wielkopolski Nie
87%
posiadające port morski. Kielce Nie
87%
posiadające port morski. Kraków Nie
87%
posiadające port morski. Łódź Nie
87%
posiadające port morski. Lublin Nie
87%
przez które przepływa Wisła. Olsztyn Nie
87%
dzielące swoją funkcję stołeczną z innym miastem w województwie. Opole Nie
87%
posiadające port morski. Opole Nie
87%
dzielące swoją funkcję stołeczną z innym miastem w województwie. Poznań Nie
87%
posiadające port morski. Poznań Nie
87%
przez które przepływa Wisła. Rzeszów Nie
87%
przez które przepływa Wisła. Szczecin Nie
87%
posiadające port morski. Toruń Nie
87%
dzielące swoją funkcję stołeczną z innym miastem w województwie. Warszawa Nie
87%
przez które przepływa Wisła. Warszawa Tak
87%
posiadające port morski. Warszawa Nie
87%
dzielące swoją funkcję stołeczną z innym miastem w województwie. Wrocław Nie
87%
przez które przepływa Wisła. Wrocław Nie
87%
posiadające port morski. Wrocław Nie
87%
posiadające port morski. Zielona Góra Nie
87%
dzielące swoją funkcję stołeczną z innym miastem w województwie. Gdańsk Nie
86%
dzielące swoją funkcję stołeczną z innym miastem w województwie. Katowice Nie
86%
przez które przepływa Wisła. Katowice Nie
86%
przez które przepływa Wisła. Lublin Nie
86%
dzielące swoją funkcję stołeczną z innym miastem w województwie. Olsztyn Nie
86%
które przed pierwszą wojną światową należały do Niemiec. Rzeszów Nie
86%
które przed pierwszą wojną światową należały do Niemiec. Białystok Nie
85%
które przed pierwszą wojną światową należały do Niemiec. Kielce Nie
85%
które przed pierwszą wojną światową należały do Niemiec. Kraków Nie
85%
mające więcej niż 500 tys. mieszkańców. Wrocław Tak
85%
posiadające port morski. Olsztyn Nie
84%
posiadające sieć tramwajową. Warszawa Tak
84%
dzielące swoją funkcję stołeczną z innym miastem w województwie. Bydgoszcz Tak
83%
dzielące swoją funkcję stołeczną z innym miastem w województwie. Gorzów Wielkopolski Tak
83%
przez które przepływa Wisła. Kraków Tak
83%
dzielące swoją funkcję stołeczną z innym miastem w województwie. Toruń Tak
83%
dzielące swoją funkcję stołeczną z innym miastem w województwie. Zielona Góra Tak
83%
mające więcej niż 500 tys. mieszkańców. Szczecin Nie
82%
przez które przepływa Wisła. Łódź Nie
81%
które przed pierwszą wojną światową należały do Niemiec. Łódź Nie
81%
których powierzchnia jest większa niż 200 km². Warszawa Tak
81%
których powierzchnia jest większa niż 200 km². Gorzów Wielkopolski Nie
80%
posiadające sieć tramwajową. Kraków Tak
80%
których powierzchnia jest większa niż 200 km². Opole Nie
80%
posiadające port lotniczy (decyduje nazwa lotniska). Warszawa Tak
80%
posiadające sieć tramwajową. Wrocław Tak
80%
przez które przepływa Wisła. Kielce Nie
79%
których powierzchnia jest większa niż 200 km². Kielce Nie
79%
które przed pierwszą wojną światową należały do Niemiec. Wrocław Tak
79%
których powierzchnia jest większa niż 200 km². Olsztyn Nie
77%
mające więcej niż 500 tys. mieszkańców. Poznań Tak
77%
posiadające sieć tramwajową. Poznań Tak
77%
które przed pierwszą wojną światową należały do Niemiec. Szczecin Tak
77%
które były stolicami województw w 1938 roku. Warszawa Tak
77%
posiadające port lotniczy (decyduje nazwa lotniska). Kraków Tak
76%
posiadające port lotniczy (decyduje nazwa lotniska). Gdańsk Tak
75%
które przed pierwszą wojną światową należały do Niemiec. Gorzów Wielkopolski Tak
75%
mające więcej niż 500 tys. mieszkańców. Katowice Nie
75%
posiadające port lotniczy (decyduje nazwa lotniska). Kielce Nie
75%
mające więcej niż 500 tys. mieszkańców. Łódź Tak
75%
posiadające port lotniczy (decyduje nazwa lotniska). Toruń Nie
75%
posiadające sieć tramwajową. Gdańsk Tak
74%
które były stolicami województw w 1938 roku. Kraków Tak
74%
posiadające sieć tramwajową. Łódź Tak
74%
posiadające sieć tramwajową. Opole Nie
74%
posiadające port morski. Szczecin Tak
74%
które przed pierwszą wojną światową należały do Niemiec. Zielona Góra Tak
74%
których powierzchnia jest większa niż 200 km². Kraków Tak
73%
posiadające sieć tramwajową. Katowice Tak
72%
posiadające port lotniczy (decyduje nazwa lotniska). Poznań Tak
72%
których powierzchnia jest większa niż 200 km². Rzeszów Nie
72%
posiadające port lotniczy (decyduje nazwa lotniska). Wrocław Tak
72%
leżące na południe od Londynu. Katowice Tak
71%
leżące na południe od Londynu. Kraków Tak
71%
które były stolicami województw w 1938 roku. Gorzów Wielkopolski Nie
70%
leżące na południe od Londynu. Rzeszów Tak
70%
których powierzchnia jest większa niż 200 km². Wrocław Tak
70%
leżące na południe od Londynu. Wrocław Tak
70%
przez które przepływa Wisła. Gdańsk Tak
69%
posiadające port lotniczy (decyduje nazwa lotniska). Katowice Tak
69%
leżące na południe od Londynu. Opole Tak
68%
które były stolicami województw w 1938 roku. Poznań Tak
68%
przez które przepływa Wisła. Toruń Tak
68%
których powierzchnia jest większa niż 200 km². Gdańsk Tak
67%
które były stolicami województw w 1938 roku. Łódź Tak
66%
posiadające port lotniczy (decyduje nazwa lotniska). Białystok Nie
65%
leżące na południe od Londynu. Kielce Tak
65%
których powierzchnia jest większa niż 200 km². Lublin Nie
65%
posiadające sieć tramwajową. Rzeszów Nie
65%
posiadające sieć tramwajową. Szczecin Tak
64%
które były stolicami województw w 1938 roku. Opole Nie
62%
których powierzchnia jest większa niż 200 km². Poznań Tak
62%
których powierzchnia jest większa niż 200 km². Bydgoszcz Nie
61%
posiadające sieć tramwajową. Białystok Nie
60%
które były stolicami województw w 1938 roku. Olsztyn Nie
60%
które były stolicami województw w 1938 roku. Lublin Tak
59%
których powierzchnia jest większa niż 200 km². Katowice Nie
58%
posiadające port lotniczy (decyduje nazwa lotniska). Łódź Tak
57%
posiadające sieć tramwajową. Lublin Nie
57%
leżące na południe od Londynu. Lublin Tak
57%
posiadające port lotniczy (decyduje nazwa lotniska). Rzeszów Tak
57%
które przed pierwszą wojną światową należały do Niemiec. Opole Tak
56%
leżące na południe od Londynu. Szczecin Nie
56%
których powierzchnia jest większa niż 200 km². Łódź Tak
55%
leżące na południe od Londynu. Olsztyn Nie
55%
posiadające port lotniczy (decyduje nazwa lotniska). Szczecin Tak
55%
leżące na południe od Londynu. Białystok Nie
54%
posiadające sieć tramwajową. Bydgoszcz Tak
54%
które przed pierwszą wojną światową należały do Niemiec. Gdańsk Tak
54%
które były stolicami województw w 1938 roku. Szczecin Nie
54%
które były stolicami województw w 1938 roku. Białystok Tak
53%
które były stolicami województw w 1938 roku. Katowice Tak
51%
które przed pierwszą wojną światową należały do Niemiec. Poznań Tak
51%
których powierzchnia jest większa niż 200 km². Szczecin Tak
49%
leżące na południe od Londynu. Toruń Nie
49%
które były stolicami województw w 1938 roku. Bydgoszcz Nie
48%
posiadające port lotniczy (decyduje nazwa lotniska). Lublin Tak
47%
które były stolicami województw w 1938 roku. Gdańsk Nie
46%
posiadające sieć tramwajową. Toruń Tak
46%
które przed pierwszą wojną światową należały do Niemiec. Katowice Tak
45%
które były stolicami województw w 1938 roku. Rzeszów Nie
44%
mające więcej niż 500 tys. mieszkańców. Gdańsk Nie
43%
leżące na południe od Londynu. Gorzów Wielkopolski Nie
43%
które były stolicami województw w 1938 roku. Kielce Tak
43%
które przed pierwszą wojną światową należały do Niemiec. Olsztyn Tak
42%
przez które przepływa Wisła. Bydgoszcz Tak
41%
posiadające port lotniczy (decyduje nazwa lotniska). Bydgoszcz Tak
41%
leżące na południe od Londynu. Poznań Nie
41%
posiadające sieć tramwajową. Olsztyn Tak
39%
leżące na południe od Londynu. Warszawa Nie
39%
które przed pierwszą wojną światową należały do Niemiec. Bydgoszcz Tak
36%
które były stolicami województw w 1938 roku. Toruń Tak
35%
posiadające port lotniczy (decyduje nazwa lotniska). Olsztyn Tak
34%
które przed pierwszą wojną światową należały do Niemiec. Toruń Tak
32%
posiadające port lotniczy (decyduje nazwa lotniska). Zielona Góra Tak
32%
leżące na południe od Londynu. Zielona Góra Nie
31%
posiadające sieć tramwajową. Gorzów Wielkopolski Tak
27%
leżące na południe od Londynu. Łódź Nie
26%
których powierzchnia jest większa niż 200 km². Zielona Góra Tak
15%
Nie znaleziono quizów pasujących do podanych kryteriów
Rozkład punktacji
Procent ludzi z każdym wynikiem
Percentyl według liczby udzielonych odpowiedzi
Twoja historia wyników
Nie rozwiązałeś tego quizu